| 000 | 00799cam a22002531 4500 | ||
|---|---|---|---|
| 001 | sa 68018381 | ||
| 003 | DLC | ||
| 005 | 20260227112711.0 | ||
| 008 | 900102s1966 ii ac 000 0 tamo | ||
| 010 | _asa 68018381 | ||
| 035 | _a(OCoLC)20838843 | ||
| 040 |
_aDLC _cWaU _dDLC |
||
| 042 | _apremarc | ||
| 050 | 0 | 0 |
_aBL1226.3 _b.C48 |
| 100 | 2 |
_aChockalingam Chettiar, R., _d1898- |
|
| 245 | 1 | 0 | _aTiruttalappayaṇam. |
| 260 | _c[1966] | ||
| 300 |
_axxx, 472 p. _billus., (part col.), ports. (part col.) _c22 cm. |
||
| 500 | _aStamped on t. p.: Ponnazhagammal Noolagam, Karaikudi. | ||
| 500 | _aIncludes hymns fromthe Nālāyirat tivviyap pirapantam and Tē- vāram. | ||
| 500 | _aIn Tamil. | ||
| 650 | 0 | _aHindu hymns, Tamil. | |
| 730 | 0 |
_aNālāyirat tivviyap pirapantram. _kSelections. |
|
| 999 |
_c88367 _d88367 |
||